[Event "FLORIPA CHESS OPEN 2015"]
[Site "Florianopolis/SC"]
[Date "2015.01.14"]
[Round "1"]
[Board "1"]
[White "Bachmann, Axel"]
[Black "Carstens Dobuchak, Thiago"]
[Result "1-0"]
[WhiteElo "2629"]
[BlackElo "1816"]
[PlyCount "49"]
[EventDate "2015.01.14"]
[EventRounds "10"]
[EventCountry "BRA"]

1. d4 Nf6 2. c4 g6 3. Nc3 Bg7 4. g3 O-O 5. Bg2 d6 6. Nf3 Nbd7 7. O-O e5 8. Qc2
Re8 9. Rd1 exd4 10. Nxd4 a6 11. b3 Rb8 12. h3 c5 13. Nf3 Ne4 14. Nxe4 Bxa1 15.
Nxd6 Re7 16. Bf4 Ne5 17. Nxc8 Qxc8 18. Rxa1 Nxf3+ 19. Bxf3 Ra8 20. Kg2 a5 21.
Rd1 Ra6 22. Qc3 Rd7 23. Rxd7 Qxd7 24. Qe5 b6 25. Bh6 1-0

[Event "FLORIPA CHESS OPEN 2015"]
[Site "Florianopolis/SC"]
[Date "2015.01.14"]
[Round "1"]
[Board "3"]
[White "Matsuura, Everaldo"]
[Black "Cardozo, Matheus Santos"]
[Result "1-0"]
[WhiteElo "2505"]
[BlackElo "1816"]
[PlyCount "41"]
[EventDate "2015.01.14"]
[EventRounds "10"]
[EventCountry "BRA"]

1. d4 Nf6 2. c4 g6 3. f3 d6 4. e4 Bg7 5. Nc3 O-O 6. Bg5 c5 7. d5 Nbd7 8. Qd2
Re8 9. Nh3 a6 10. Nf2 Rb8 11. Be2 Qa5 12. a4 Qc7 13. O-O e6 14. dxe6 Rxe6 15.
Nd3 b6 16. Nf4 Re8 17. Rad1 Bf8 18. Nfd5 Nxd5 19. Nxd5 Qa7 20. Rfe1 Bb7 21. Nc7
 1-0

[Event "FLORIPA CHESS OPEN 2015"]
[Site "Florianopolis/SC"]
[Date "2015.01.14"]
[Round "1"]
[Board "4"]
[White "Pedruzzi, Pedro Henrique"]
[Black "Di Berardino, Diego Rafael"]
[Result "0-1"]
[WhiteElo "1812"]
[BlackElo "2484"]
[PlyCount "40"]
[EventDate "2015.01.14"]
[EventRounds "10"]
[EventCountry "BRA"]

1. c4 g6 2. d4 Nf6 3. Nc3 Bg7 4. e4 O-O 5. Nge2 d6 6. Ng3 Nc6 7. Be2 e5 8. d5
Nd4 9. Be3 Re8 10. Qd2 c5 11. dxc6 bxc6 12. O-O-O Rb8 13. f3 Be6 14. Bd3 Qa5
15. Bb1 Rb4 16. Nge2 Reb8 17. Nxd4 exd4 18. Bxd4 Rxb2 19. Qxb2 Rxb2 20. Kxb2 c5
 0-1

[Event "FLORIPA CHESS OPEN 2015"]
[Site "Florianopolis/SC"]
[Date "2015.01.14"]
[Round "1"]
[Board "7"]
[White "Rodriguez Vila, Andres"]
[Black "Noronha, Natanael Muana C."]
[Result "1-0"]
[WhiteElo "2444"]
[BlackElo "1804"]
[PlyCount "45"]
[EventDate "2015.01.14"]
[EventRounds "10"]
[EventCountry "BRA"]

1. e4 d6 2. d4 Nf6 3. Nc3 c6 4. f3 Nbd7 5. Be3 b5 6. Qd2 g6 7. g4 Nb6 8. h4 h5
9. g5 Nfd7 10. d5 cxd5 11. exd5 b4 12. Ne4 Bg7 13. Bd4 Bxd4 14. Qxd4 O-O 15. f4
Nc5 16. Bg2 Bf5 17. Ne2 Bxe4 18. Bxe4 Nxe4 19. Qxe4 Qd7 20. O-O-O Rac8 21. Nd4
Rc5 22. f5 Nxd5 23. fxg6 1-0

[Event "FLORIPA CHESS OPEN 2015"]
[Site "Florianopolis/SC"]
[Date "2015.01.14"]
[Round "1"]
[Board "8"]
[White "Tasoko, Toshinobu"]
[Black "Paveto, Kevin"]
[Result "0-1"]
[WhiteElo "1803"]
[BlackElo "2437"]
[PlyCount "64"]
[EventDate "2015.01.14"]
[EventRounds "10"]
[EventCountry "BRA"]

1. e4 e5 2. Nf3 Nc6 3. d4 exd4 4. Nxd4 Nf6 5. f3 Bc5 6. Be3 Nxd4 7. Bxd4 Qe7 8.
Bc4 Nxe4 9. O-O Bxd4+ 10. Qxd4 Nf6 11. Nc3 O-O 12. Rfe1 Qd8 13. Re5 d6 14. Re2
c6 15. Kh1 d5 16. Bd3 Qb6 17. Qe5 Bd7 18. Na4 Qb4 19. b3 Rfe8 20. Qc3 Qxc3 21.
Nxc3 Rxe2 22. Nxe2 Re8 23. Kg1 Bf5 24. Kf2 Bxd3 25. cxd3 d4 26. Nxd4 Rd8 27.
Nf5 Rxd3 28. Ke2 Rd7 29. Rd1 Nd5 30. Kf2 Kf8 31. Ne3 Ke7 32. Nc4 f6 0-1

[Event "FLORIPA CHESS OPEN 2015"]
[Site "Florianopolis/SC"]
[Date "2015.01.14"]
[Round "1"]
[Board "11"]
[White "Stamenkovic, Dragan"]
[Black "Peixoto, Fernando Teodoro Marti"]
[Result "1-0"]
[WhiteElo "2409"]
[BlackElo "1794"]
[PlyCount "46"]
[EventDate "2015.01.14"]
[EventRounds "10"]
[EventCountry "BRA"]

1. d4 Nf6 2. Bg5 e6 3. e3 d5 4. Nf3 c6 5. Bd3 Be7 6. Nbd2 Nbd7 7. O-O O-O 8.
Qe2 Re8 9. Rab1 b5 10. e4 Bb7 11. e5 Nh5 12. Bxe7 Qxe7 13. Qe3 g6 14. g4 Ng7
15. Qh6 f6 16. Rbe1 Rf8 17. Nb3 c5 18. Re3 c4 19. Nc5 Nxc5 20. dxc5 Qxc5 21.
exf6 Rxf6 22. Ng5 Ne8 23. Qxh7+ Kf8 1-0

[Event "FLORIPA CHESS OPEN 2015"]
[Site "Florianopolis/SC"]
[Date "2015.01.14"]
[Round "1"]
[Board "12"]
[White "Librelato, Kathie Goulart"]
[Black "Molina, Roberto Junio Brito"]
[Result "0-1"]
[WhiteElo "1787"]
[BlackElo "2408"]
[PlyCount "48"]
[EventDate "2015.01.14"]
[EventRounds "10"]
[EventCountry "BRA"]

1. e4 c5 2. Nf3 d6 3. d4 cxd4 4. Nxd4 Nf6 5. Nc3 a6 6. Bg5 e6 7. f4 Be7 8. Qf3
h6 9. Bh4 Qc7 10. O-O-O Nbd7 11. Be2 b5 12. Bxf6 Nxf6 13. e5 Bb7 14. Qg3 dxe5
15. fxe5 Nd5 16. Nxd5 Bxd5 17. Bf3 O-O-O 18. Kb1 g6 19. Rhf1 Bc5 20. Nb3 Bc4
21. Rfe1 Bb6 22. Nd2 Ba5 23. c3 Bd3+ 24. Kc1 Bxc3 0-1

[Event "FLORIPA CHESS OPEN 2015"]
[Site "Florianopolis/SC"]
[Date "2015.01.14"]
[Round "1"]
[Board "13"]
[White "Quintiliano Pinto, Renato R."]
[Black "Policarpo, Nicolas"]
[Result "1-0"]
[WhiteElo "2364"]
[BlackElo "1781"]
[PlyCount "25"]
[EventDate "2015.01.14"]
[EventRounds "10"]
[EventCountry "BRA"]

1. d4 Nf6 2. Nf3 c5 3. e3 e6 4. c4 cxd4 5. exd4 d6 6. Nc3 Be7 7. Bd3 O-O 8. O-O
Nbd7 9. Re1 Qa5 10. Bd2 Qh5 11. Ne2 e5 12. Ng3 Qg4 13. Bf5 1-0

[Event "FLORIPA CHESS OPEN 2015"]
[Site "Florianopolis/SC"]
[Date "2015.01.14"]
[Round "1"]
[Board "14"]
[White "Boeira, Dimitri Ariel Pires"]
[Black "Gazel, Frederico"]
[Result "0-1"]
[WhiteElo "1779"]
[BlackElo "2292"]
[PlyCount "46"]
[EventDate "2015.01.14"]
[EventRounds "10"]
[EventCountry "BRA"]

1. d4 Nf6 2. c4 e6 3. Nc3 Bb4 4. Qc2 O-O 5. a3 Bxc3+ 6. Qxc3 Ne4 7. Qd3 f5 8.
e3 b6 9. Ne2 Bb7 10. Nc3 d6 11. Nxe4 Bxe4 12. Qc3 Qh4 13. b3 Nd7 14. Bb2 Nf6
15. h3 Rae8 16. Rg1 e5 17. d5 f4 18. Qd2 Bg6 19. Bd3 fxe3 20. Qxe3 Bxd3 21.
Qxd3 Ne4 22. g3 Nxf2 23. Qe3 Qxh3 0-1

[Event "FLORIPA CHESS OPEN 2015"]
[Site "Florianopolis/SC"]
[Date "2015.01.14"]
[Round "1"]
[Board "15"]
[White "Matsuura, Frederico"]
[Black "Passos Coutinho, Eduardo"]
[Result "1-0"]
[WhiteElo "2289"]
[BlackElo "1767"]
[PlyCount "49"]
[EventDate "2015.01.14"]
[EventRounds "10"]
[EventCountry "BRA"]

1. e4 e5 2. Nc3 Nf6 3. f4 d6 4. Nf3 Nc6 5. Bc4 Be7 6. d3 O-O 7. a4 a5 8. O-O
Bd7 9. h3 exf4 10. Bxf4 Nh5 11. Bh2 g6 12. d4 Bg5 13. g4 Ng7 14. Nd5 Ne6 15.
Nxg5 Nxg5 16. Nf6+ Kg7 17. h4 Nxe4 18. Nxe4 Qxh4 19. Nf6 Rad8 20. c3 Ne7 21.
Qe1 Qxe1 22. Raxe1 Ng8 23. Nxg8 Kxg8 24. Re7 Bxg4 25. Bxf7+ 1-0

[Event "FLORIPA CHESS OPEN 2015"]
[Site "Florianopolis/SC"]
[Date "2015.01.14"]
[Round "1"]
[Board "16"]
[White "Brandt, Ladir Albano Becker"]
[Black "Sztokbant, Bernardo Vainzoff"]
[Result "0-1"]
[WhiteElo "1764"]
[BlackElo "2278"]
[PlyCount "103"]
[EventDate "2015.01.14"]
[EventRounds "10"]
[EventCountry "BRA"]

1. d4 d5 2. c4 e6 3. Nc3 Be7 4. Nf3 Nf6 5. Bg5 O-O 6. e3 h6 7. Bh4 b6 8. cxd5
Nxd5 9. Nxd5 exd5 10. Bxe7 Qxe7 11. Be2 Be6 12. O-O c5 13. Rc1 Nd7 14. h3 c4
15. Nh2 b5 16. f4 Nf6 17. f5 Bd7 18. Rf3 Ne4 19. Ng4 f6 20. Qe1 Ng5 21. Qg3
Nxf3+ 22. Bxf3 Bc6 23. Nxh6+ Kh7 24. Ng4 Qd7 25. Qh4+ Kg8 26. Qg3 Kf7 27. Qf4
Rad8 28. Be2 Qd6 29. Qf2 b4 30. Nh2 Rc8 31. Bh5+ Ke7 32. Nf3 Kd7 33. Nh4 Kc7
34. Ng6 Rg8 35. Nf4 Kb8 36. Bf7 Rgd8 37. Ne6 Rd7 38. Bg6 Bb7 39. Qf4 Qxf4 40.
Nxf4 c3 41. b3 a5 42. Nd3 Bc6 43. Bh5 Re7 44. Kf2 Kc7 45. Nc5 Kd6 46. Bd1 Rce8
47. Ne6 Bd7 48. Bh5 Rh8 49. Bg4 Bxe6 50. fxe6 f5 51. Bf3 Rxe6 52. Rc2 0-1

[Event "FLORIPA CHESS OPEN 2015"]
[Site "Florianopolis/SC"]
[Date "2015.01.14"]
[Round "1"]
[Board "17"]
[White "Pires, Marcos Vinicius Torsani"]
[Black "Hille Junior, Waltercler"]
[Result "1-0"]
[WhiteElo "2274"]
[BlackElo "1761"]
[PlyCount "41"]
[EventDate "2015.01.14"]
[EventRounds "10"]
[EventCountry "BRA"]

1. Nf3 Nf6 2. c4 c5 3. Nc3 Nc6 4. g3 g6 5. d4 cxd4 6. Nxd4 Bg7 7. Bg2 O-O 8.
O-O Ng4 9. e3 Nge5 10. b3 d6 11. h3 Bd7 12. Nde2 Qa5 13. Rb1 Be6 14. a3 a6 15.
Bb2 Qb6 16. Nf4 Rab8 17. Ncd5 Qd8 18. Nxe6 fxe6 19. Nf4 Qc8 20. Nxe6 Kh8 21.
Nxf8 1-0

[Event "FLORIPA CHESS OPEN 2015"]
[Site "Florianopolis/SC"]
[Date "2015.01.14"]
[Round "1"]
[Board "18"]
[White "Da Silva, Juliano Roberto Nery"]
[Black "Delgado, Lidio Dias"]
[Result "0-1"]
[WhiteElo "1759"]
[BlackElo "2262"]
[PlyCount "53"]
[EventDate "2015.01.14"]
[EventRounds "10"]
[EventCountry "BRA"]

1. d4 Nf6 2. c4 c5 3. d5 b5 4. cxb5 a6 5. bxa6 Bxa6 6. Nc3 d6 7. e4 Bxf1 8.
Kxf1 g6 9. g3 Bg7 10. Nge2 O-O 11. Kg2 Nbd7 12. Qc2 Qa5 13. Bd2 Rfb8 14. Rhb1
Ne5 15. b3 Qa6 16. Rd1 Ne8 17. Be3 Nc7 18. Bc1 Qc8 19. h3 Nb5 20. Nxb5 Rxb5 21.
Nc3 Rb4 22. Bb2 c4 23. f4 Nd7 24. Na4 cxb3 25. Qxc8+ Rxc8 26. Bxg7 Rxa4 27. Bh6
 0-1

[Event "FLORIPA CHESS OPEN 2015"]
[Site "Florianopolis/SC"]
[Date "2015.01.14"]
[Round "1"]
[Board "19"]
[White "Bueno, Alfeu Junior Varela"]
[Black "Hille, Willian Henrique"]
[Result "1-0"]
[WhiteElo "2251"]
[BlackElo "1758"]
[PlyCount "51"]
[EventDate "2015.01.14"]
[EventRounds "10"]
[EventCountry "BRA"]

1. e4 c5 2. Nc3 e6 3. f4 d5 4. Nf3 Nf6 5. Bb5+ Bd7 6. Bxd7+ Nbxd7 7. e5 Ne4 8.
Nxe4 dxe4 9. Ng1 g5 10. Qe2 Qc7 11. Qxe4 gxf4 12. Nf3 Bg7 13. O-O Nxe5 14. d3
O-O-O 15. Bxf4 f5 16. Qe2 Nxf3+ 17. Rxf3 Bd4+ 18. Kh1 e5 19. Bg5 Rde8 20. c3 e4
21. Rxf5 Qd7 22. Raf1 h6 23. Bh4 exd3 24. Qxd3 Re3 25. Qc4 Rg8 26. Rf7 1-0

[Event "FLORIPA CHESS OPEN 2015"]
[Site "Florianopolis/SC"]
[Date "2015.01.14"]
[Round "1"]
[Board "20"]
[White "Carlesso, Lucas Oliveira"]
[Black "Menna Barreto, Felipe Kubiaki"]
[Result "0-1"]
[WhiteElo "1746"]
[BlackElo "2247"]
[PlyCount "32"]
[EventDate "2015.01.14"]
[EventRounds "10"]
[EventCountry "BRA"]

1. c4 g6 2. Nc3 Bg7 3. e4 c5 4. d3 Nc6 5. f4 e6 6. Be2 Nge7 7. Bf3 Nd4 8. Be3
O-O 9. h4 d5 10. exd5 exd5 11. Bxd5 Nxd5 12. Nxd5 Re8 13. Qd2 Be6 14. Nc3 Bg4
15. Kf2 Nf5 16. Bxc5 Bd4+ 0-1

[Event "FLORIPA CHESS OPEN 2015"]
[Site "Florianopolis/SC"]
[Date "2015.01.14"]
[Round "1"]
[Board "21"]
[White "Dejeanne, Francisco"]
[Black "Silva, Janderson Rossi Da"]
[Result "1-0"]
[WhiteElo "2240"]
[BlackElo "1742"]
[PlyCount "51"]
[EventDate "2015.01.14"]
[EventRounds "10"]
[EventCountry "BRA"]

1. d4 Nf6 2. c4 c6 3. Nc3 d5 4. Nf3 e6 5. e3 Nbd7 6. Bd3 Bd6 7. O-O O-O 8. e4
dxe4 9. Nxe4 Nxe4 10. Bxe4 h6 11. b3 e5 12. Bc2 exd4 13. Qd3 Nf6 14. Qxd4 Bg4
15. Rd1 Bxf3 16. gxf3 Bb4 17. Qh4 Qe7 18. Bxh6 gxh6 19. Qxh6 Rfd8 20. Kh1 Rxd1+
21. Rxd1 Be1 22. Rd4 Bc3 23. Rh4 Qe1+ 24. Kg2 Ne8 25. Bh7+ Kh8 26. Qf8# 1-0

[Event "FLORIPA CHESS OPEN 2015"]
[Site "Florianopolis/SC"]
[Date "2015.01.14"]
[Round "1"]
[Board "22"]
[White "Souza, Kim Garcia De"]
[Black "Cruz, William Ferreira Da"]
[Result "0-1"]
[WhiteElo "1740"]
[BlackElo "2238"]
[PlyCount "39"]
[EventDate "2015.01.14"]
[EventRounds "10"]
[EventCountry "BRA"]

1. d4 Nf6 2. c4 g6 3. Nf3 Bg7 4. Bf4 d6 5. e3 Nh5 6. Bg3 Nxg3 7. hxg3 c5 8. Nc3
Qb6 9. Nd5 Qa5+ 10. Qd2 Qxd2+ 11. Kxd2 Na6 12. a3 e6 13. Nc3 b6 14. Nb5 Ke7 15.
Ng5 cxd4 16. Nxd4 Bb7 17. b4 h6 18. Ngf3 f5 19. Rd1 Nc7 {Ilegivel} 20. Kc2 0-1

[Event "FLORIPA CHESS OPEN 2015"]
[Site "Florianopolis/SC"]
[Date "2015.01.14"]
[Round "1"]
[Board "24"]
[White "Costa, Ane Caroline"]
[Black "Assumpcao, Roberto"]
[Result "0-1"]
[WhiteElo "1730"]
[BlackElo "2232"]
[PlyCount "40"]
[EventDate "2015.01.14"]
[EventRounds "10"]
[EventCountry "BRA"]

1. d4 Nf6 2. c4 e6 3. a3 d5 4. Nc3 c5 5. dxc5 d4 6. Nb5 Nc6 7. Nf3 e5 8. e3 a6
9. Nd6+ Bxd6 10. cxd6 Qxd6 11. Be2 O-O 12. O-O d3 13. Re1 Rd8 14. Bf1 Bg4 15.
Bd2 e4 16. h3 Bh5 17. g4 Nxg4 18. hxg4 Bxg4 19. Bg2 Ne5 20. Bb4 Qe6 0-1

[Event "FLORIPA CHESS OPEN 2015"]
[Site "Florianopolis/SC"]
[Date "2015.01.14"]
[Round "1"]
[Board "26"]
[White "Fernandes, Ricardo Munz"]
[Black "Guimaraes, Diogo Duarte"]
[Result "1/2-1/2"]
[WhiteElo "1719"]
[BlackElo "2221"]
[PlyCount "58"]
[EventDate "2015.01.14"]
[EventRounds "10"]
[EventCountry "BRA"]

1. d4 d5 2. c4 c6 3. Nc3 dxc4 4. e3 e5 5. Bxc4 exd4 6. Qxd4 Qxd4 7. exd4 Nf6 8.
Nf3 Bd6 9. O-O O-O 10. Bg5 Nbd7 11. Rfe1 Nb6 12. Bb3 Bf5 13. Bxf6 gxf6 14. Ne4
Bxe4 15. Rxe4 Rfe8 16. Rae1 Kf8 17. Nh4 a5 18. a3 Bf4 19. g3 Bd2 20. Rxe8+ Rxe8
21. Rxe8+ Kxe8 22. a4 Bc1 23. Nf5 Kd7 24. Kf1 Bxb2 25. Ke2 Nd5 26. Bxd5 cxd5
27. Kd3 b5 28. Kc2 Ba1 29. f3 Kc7 {Ilegivel} 1/2-1/2

[Event "FLORIPA CHESS OPEN 2015"]
[Site "Florianopolis/SC"]
[Date "2015.01.14"]
[Round "1"]
[Board "27"]
[White "Caetano, Hugo Zanotti Mendonca"]
[Black "Belle, Diego Leonardo"]
[Result "1-0"]
[WhiteElo "2215"]
[BlackElo "1713"]
[PlyCount "54"]
[EventDate "2015.01.14"]
[EventRounds "10"]
[EventCountry "BRA"]

1. d4 Nf6 2. c4 d5 3. cxd5 Nxd5 4. e4 Nb6 5. Nc3 e6 6. Nf3 Be7 7. a4 a5 8. Bf4
c6 9. Bd3 Na6 10. Rc1 Nb4 11. O-O O-O 12. Bb1 Bd6 13. Bxd6 Qxd6 14. e5 Qe7 15.
Qe2 N6d5 16. Qe4 g6 17. Nd2 b6 18. Qf3 f5 19. exf6 Nxf6 20. Rfe1 Bd7 21. Nc4 c5
22. Nxb6 Bc6 23. d5 Bxd5 24. Ncxd5 Nfxd5 25. Nxd5 Rxf3 26. Nxe7+ Kf7 27. gxf3
Kxe7 1-0

[Event "FLORIPA CHESS OPEN 2015"]
[Site "Florianopolis/SC"]
[Date "2015.01.14"]
[Round "1"]
[Board "28"]
[White "Caporale, Giuseppe Guido"]
[Black "Dias, Anderson Tatsch"]
[Result "0-1"]
[WhiteElo "1712"]
[BlackElo "2212"]
[PlyCount "76"]
[EventDate "2015.01.14"]
[EventRounds "10"]
[EventCountry "BRA"]

1. e4 c5 2. Nf3 e6 3. d4 cxd4 4. Nxd4 Qb6 5. Nb3 Qc7 6. Bd3 Nf6 7. O-O Be7 8.
Nc3 a6 9. Qe2 d6 10. Bg5 Nbd7 11. Bh4 b5 12. a3 O-O 13. f4 Bb7 14. Rae1 Nc5 15.
e5 Nd5 16. Bxe7 Nxe7 17. Nxc5 Qxc5+ 18. Kh1 Rad8 19. Ne4 Bxe4 20. Qxe4 g6 21.
Qb7 Nd5 22. Qxa6 Ne3 23. Rf3 Ng4 24. Re2 dxe5 25. h3 Rxd3 26. hxg4 Rxf3 27.
gxf3 exf4 28. Qa5 Qd5 29. Qc3 Rd8 30. Kg2 Qd1 31. Qe5 Qc1 32. Qxb5 Rd1 33. Qb8+
Kg7 34. Qb6 e5 35. g5 h5 36. Qf6+ Kg8 37. Qb6 Rh1 38. Qf2 h4 0-1

[Event "FLORIPA CHESS OPEN 2015"]
[Site "Florianopolis/SC"]
[Date "2015.01.14"]
[Round "1"]
[Board "29"]
[White "De Pieri, Herik Soares"]
[Black "Villalba, Marcelo"]
[Result "0-1"]
[WhiteElo "1701"]
[BlackElo "2201"]
[PlyCount "42"]
[EventDate "2015.01.14"]
[EventRounds "10"]
[EventCountry "BRA"]

1. b3 Nf6 2. Bb2 g6 3. d3 Bg7 4. Nd2 O-O 5. f4 Ng4 6. Bxg7 Ne3 7. Qc1 Kxg7 8.
Ne4 Nxf1 9. Qb2+ Kg8 10. Kxf1 b6 11. h4 d5 12. Nf2 d4 13. Nf3 c5 14. h5 Qd6 15.
Qc1 Bb7 16. f5 gxf5 17. Qg5+ Kh8 18. Qxf5 Qd5 19. Nh4 Rg8 20. Rh2 Nd7 21. Nh3
Nf6 0-1

[Event "FLORIPA CHESS OPEN 2015"]
[Site "Florianopolis/SC"]
[Date "2015.01.14"]
[Round "1"]
[Board "31"]
[White "Bernardes, Arthur Feliphe Stru"]
[Black "Godoy Olazabal, Artur"]
[Result "0-1"]
[WhiteElo "1694"]
[BlackElo "2198"]
[PlyCount "30"]
[EventDate "2015.01.14"]
[EventRounds "10"]
[EventCountry "BRA"]

1. e4 e5 2. Nf3 Nc6 3. Bc4 Bc5 4. O-O Nf6 5. Nc3 d6 6. h3 Be6 7. Bb3 Qd7 8. d3
Ne7 9. Be3 Ng6 10. a4 h6 11. Qe2 Bxh3 12. Bxc5 Nf4 13. Qd2 Bxg2 14. Be3 Qh3 15.
Nh2 Bh1 0-1

[Event "FLORIPA CHESS OPEN 2015"]
[Site "Florianopolis/SC"]
[Date "2015.01.14"]
[Round "1"]
[Board "32"]
[White "Paniagua Chnelik, Sebastian"]
[Black "Silva, Vinicius Parente"]
[Result "1-0"]
[WhiteElo "2197"]
[BlackElo "1686"]
[PlyCount "20"]
[EventDate "2015.01.14"]
[EventRounds "10"]
[EventCountry "BRA"]

1. b3 Nf6 2. Bb2 g6 3. g4 h6 4. h3 d6 5. e3 Nbd7 6. Bg2 e5 7. Ne2 Bg7 8. d3 c6
9. c4 O-O 10. Nbc3 {Muito Ilegivel} Re8 1-0

[Event "FLORIPA CHESS OPEN 2015"]
[Site "Florianopolis/SC"]
[Date "2015.01.14"]
[Round "1"]
[Board "33"]
[White "Balbys, Fernanda Santoro Bosca"]
[Black "Crespo De Oliveira, Lucas"]
[Result "0-1"]
[WhiteElo "1684"]
[BlackElo "2194"]
[PlyCount "46"]
[EventDate "2015.01.14"]
[EventRounds "10"]
[EventCountry "BRA"]

1. d4 Nf6 2. c4 c5 3. d5 e6 4. Nc3 exd5 5. Nxd5 Nxd5 6. Qxd5 Nc6 7. e4 d6 8.
Bf4 Be6 9. Qd2 Qb6 10. b3 Be7 11. Nf3 Bf6 12. Rd1 Be5 13. Nxe5 dxe5 14. Be3 Rd8
15. Qc1 Rxd1+ 16. Qxd1 O-O 17. Be2 Rd8 18. Qc1 Qa5+ 19. Bd2 Qxa2 20. Bd1 a6 21.
Qc3 Nb4 22. Bc1 Nd3+ 23. Kf1 Qxf2# 0-1

[Event "FLORIPA CHESS OPEN 2015"]
[Site "Florianopolis/SC"]
[Date "2015.01.14"]
[Round "1"]
[Board "35"]
[White "Riquelme, Fabio"]
[Black "Souza, Rafael Cabral De"]
[Result "0-1"]
[WhiteElo "1671"]
[BlackElo "2173"]
[PlyCount "25"]
[EventDate "2015.01.14"]
[EventRounds "10"]
[EventCountry "BRA"]

1. e4 c5 2. Nf3 Nc6 3. Bc4 g6 4. Nc3 Bg7 5. O-O d6 6. h3 Nf6 7. Nd5 Nxe4 8. a3
e6 9. Nf4 d5 10. Ba2 c4 11. d3 cxd3 12. Qxd3 Nc5 13. Qe2 {IlegÃ­vel} 0-1

[Event "FLORIPA CHESS OPEN 2015"]
[Site "Florianopolis/SC"]
[Date "2015.01.14"]
[Round "1"]
[Board "36"]
[White "Oliveira, Fernando Henrique"]
[Black "Campestrini, Carine Katia"]
[Result "1-0"]
[WhiteElo "2162"]
[BlackElo "1669"]
[PlyCount "95"]
[EventDate "2015.01.14"]
[EventRounds "10"]
[EventCountry "BRA"]

1. Nf3 d5 2. b3 Bf5 3. Bb2 Nf6 4. e3 e6 5. Be2 Be7 6. O-O h6 7. Ne5 O-O 8. f4
Nbd7 9. d3 c5 10. Nd2 Qb6 11. Qe1 Rac8 12. Qg3 Nxe5 13. fxe5 Nd7 14. Kh1 Qb4
15. Nf3 c4 16. a3 Qb6 17. Bd4 Bc5 18. b4 Bxd4 19. Nxd4 Bh7 20. dxc4 dxc4 21. c3
a6 22. Qf4 Qc7 23. Nf3 b5 24. Rad1 Nb6 25. e4 Qb7 26. Rd4 Rfd8 27. Rfd1 Rxd4
28. Rxd4 Qc7 29. Qd2 Kf8 30. Bd1 Ke8 31. Bc2 Rd8 32. Kg1 Rxd4 33. Qxd4 Qd8 34.
Qc5 Nd7 35. Qc6 Qb6+ 36. Qxb6 Nxb6 37. Kf2 Kd8 38. Ke3 Nd7 39. h4 Kc7 40. Kd4
f6 41. g4 g5 42. exf6 Nxf6 43. e5 Bxc2 44. exf6 Kd6 45. hxg5 hxg5 46. Nxg5 e5+
47. Ke3 Bg6 48. Ne4+ 1-0

[Event "FLORIPA CHESS OPEN 2015"]
[Site "Florianopolis/SC"]
[Date "2015.01.14"]
[Round "1"]
[Board "37"]
[White "Dinegri, Rodrigo"]
[Black "Abrantes, Tiago Garrido"]
[Result "0-1"]
[WhiteElo "1660"]
[BlackElo "2147"]
[PlyCount "70"]
[EventDate "2015.01.14"]
[EventRounds "10"]
[EventCountry "BRA"]

1. e4 g6 2. d4 Bg7 3. Nc3 d6 4. Be3 a6 5. Nf3 Nd7 6. Bc4 e6 7. Qd2 b5 8. Bd3
Bb7 9. g4 h5 10. g5 Ne7 11. Ne2 c5 12. c3 O-O 13. Rg1 Qc7 14. Nh4 e5 15. f4
exf4 16. Nxf4 Rae8 17. d5 Ne5 18. Be2 Bc8 19. h3 Bd7 20. O-O-O Nc4 21. Bxc4
bxc4 22. Qe2 Qa5 23. Qxc4 Bb5 24. Qb3 Nc8 25. Nxh5 Rxe4 26. Nxg6 fxg6 27. Nf6+
Bxf6 28. gxf6 Qa4 29. Rxg6+ Kf7 30. Rg7+ Kxf6 31. Bh6 Qxb3 32. axb3 Rh8 33. Rc7
Ne7 34. Bd2 Be2 35. c4 Rxh3 {IlegÃ­vel} 0-1

[Event "FLORIPA CHESS OPEN 2015"]
[Site "Florianopolis/SC"]
[Date "2015.01.14"]
[Round "1"]
[Board "38"]
[White "Gotz, Klaus Seiji Furucho"]
[Black "Labussiere, Victor"]
[Result "1-0"]
[WhiteElo "2143"]
[BlackElo "1659"]
[PlyCount "72"]
[EventDate "2015.01.14"]
[EventRounds "10"]
[EventCountry "BRA"]

1. d4 Nf6 2. c4 g6 3. Nc3 Bg7 4. e4 d6 5. Be2 O-O 6. Bg5 h6 7. Be3 e5 8. d5 Na6
9. g4 Nc5 10. f3 a5 11. h4 Kh7 12. Qd2 Bd7 13. h5 g5 14. Bd3 Qe7 15. Nge2 Kg8
16. Ng3 Kh7 17. Kf2 Nxg4+ 18. fxg4 Bxg4 19. Kg2 Nxd3 20. Qxd3 Qd7 21. Raf1 Kg8
22. Nf5 b6 23. Kg3 Bxf5 24. Rxf5 Rae8 25. Qe2 f6 26. b3 Kh7 27. Qg4 Rf7 28. a3
Ra8 29. Rf2 Raf8 30. Qxd7 Rxd7 31. Kg4 Rdd8 32. Kf5 Bh8 33. Ra1 Ra8 34. Rfa2
Rg8 35. Kg4 Rgf8 36. Rf1 Rf7 1-0

[Event "FLORIPA CHESS OPEN 2015"]
[Site "Florianopolis/SC"]
[Date "2015.01.14"]
[Round "1"]
[Board "39"]
[White "De Borba, Gabriel"]
[Black "Borges, Victor Hugo Moreira"]
[Result "0-1"]
[WhiteElo "1656"]
[BlackElo "2143"]
[PlyCount "66"]
[EventDate "2015.01.14"]
[EventRounds "10"]
[EventCountry "BRA"]

1. e4 c5 2. Nf3 d6 3. d4 cxd4 4. Nxd4 Nf6 5. Nc3 a6 6. f3 e5 7. Nb3 Be7 8. Be3
Be6 9. Qd2 O-O 10. O-O-O Nbd7 11. Kb1 b5 12. g4 Nb6 13. h4 b4 14. Ne2 Nc4 15.
Qc1 Qc7 16. Bf2 a5 17. Ng3 a4 18. Nd2 Na3+ 19. bxa3 bxa3 20. Nb3 Rfc8 21. Be2
Qb7 22. Qe3 axb3 23. cxb3 d5 24. Rc1 d4 25. Qd3 Nd7 26. Qb5 Qa7 27. Rxc8+ Rxc8
28. Nf5 Bf8 29. Rc1 Nc5 30. Nxd4 exd4 31. Bxd4 Qe7 32. g5 Nxb3 33. axb3 a2+ 0-1

[Event "FLORIPA CHESS OPEN 2015"]
[Site "Florianopolis/SC"]
[Date "2015.01.14"]
[Round "1"]
[Board "40"]
[White "Calcado, Acyr Rogerio"]
[Black "Bidigaray, Marcio"]
[Result "1-0"]
[WhiteElo "2133"]
[BlackElo "1654"]
[PlyCount "47"]
[EventDate "2015.01.14"]
[EventRounds "10"]
[EventCountry "BRA"]

1. e4 e5 2. Nf3 Nc6 3. d4 exd4 4. Bc4 Be7 5. c3 Nf6 6. e5 Ng4 7. cxd4 d5 8. Be2
Bf5 9. O-O h5 10. Nc3 Qd7 11. Bd2 Nb4 12. a3 Nc6 13. Qb3 Be4 14. Be3 f6 15. e6
Qxe6 16. Nxe4 Qxe4 17. Qxb7 Kf7 18. Qxc6 Nxe3 19. fxe3 Qxe3+ 20. Rf2 Bd6 21.
Qxd5+ Kg6 22. Nh4+ Kh7 23. Qxh5+ Kg8 24. Bc4+ 1-0